[Event "EU-chT U18 Girls"]
[Site "Iasi"]
[Date "2023.07.29"]
[Round "6.2"]
[White "Hoanca, Alexia Ioana"]
[Black "Guid, Taja"]
[Result "0-1"]
[WhiteElo "1650"]
[BlackElo "1729"]
[PlyCount "66"]
[EventDate "2023.07.24"]
[EventType "team-swiss"]
[EventRounds "7"]
[EventCountry "ROU"]
[SourceTitle "CBM 215 Extra"]
[Source "ChessBase"]
[SourceDate "2023.09.30"]
[SourceVersion "1"]
[SourceVersionDate "2023.09.30"]
[SourceQuality "1"]
[WhiteTeam "Romania Bucharest CSU U18 Girls"]
[BlackTeam "Slovenia U18 Girls"]
[WhiteTeamCountry "ROU"]
[BlackTeamCountry "SLO"]

1. e4 c5 2. Nf3 e6 3. d4 cxd4 4. Nxd4 Nc6 5. Nc3 Qc7 6. Be3 a6 7. g4 h6 8. Qd2 Nf6 9. f3 Bb4 10. Nxc6 bxc6 11. a3 Be7 12. 0-0-0 d5 13. e5 Nd7 14. f4 Rb8 15. Nb1 c5 16. c4 d4 17. Bf2 Nxe5 18. Bg3 Nxg4 19. Bd3 Ne3 20. Rde1 Bd6 21. Qf2 Qb6 22. Rhg1 Qb3 23. Qe2 Kf8 24. f5 e5 25. f6 g5 26. h4 Bg4 27. Qd2 Bc7 28. Bxe5 Bxe5 29. Rxg4 Nxg4 30. hxg5 hxg5 31. Qc2 Qxc2+ 32. Bxc2 Bf4+ 33. Nd2 Rh2 0-1

[Event "EU-ch Hybrid U14 Girls"]
[Site "Tornelo INT"]
[Date "2021.10.15"]
[Round "2"]
[White "Guid, Taja"]
[Black "Lazovic, Emilija"]
[Result "1/2-1/2"]
[WhiteElo "1578"]
[BlackElo "1325"]
[PlyCount "60"]
[EventDate "2021.10.15"]
[EventType "swiss"]
[EventRounds "9"]
[EventCountry "NET"]
[SourceTitle "EXT 2023"]
[Source "ChessBase"]
[SourceDate "2022.10.05"]
[SourceVersion "1"]
[SourceVersionDate "2022.10.05"]
[SourceQuality "1"]
[WhiteTeam "Slovenia"]
[BlackTeam "Serbia"]
[WhiteTeamCountry "SLO"]
[BlackTeamCountry "SRB"]

1. d4 d5 2. c4 c6 3. Nf3 Nf6 4. Nbd2 g6 5. g3 Bg7 6. Bg2 0-0 7. 0-0 Nbd7 8. Re1 Re8 9. e4 dxe4 10. Nxe4 Nxe4 11. Rxe4 Nf6 12. Re1 Bg4 13. Be3 Nd7 14. Qb3 Qb6 15. Qxb6 Nxb6 16. b3 Bxf3 17. Bxf3 Nd7 18. Rad1 Nf6 19. Bf4 Rad8 20. Kg2 e6 21. Be5 h6 22. h4 Kh7 23. Re3 Rd7 24. Red3 Red8 25. Bxf6 Bxf6 26. d5 exd5 27. cxd5 cxd5 28. Rxd5 Rxd5 29. Rxd5 b6 30. Rxd8 Bxd8 1/2-1/2

[Event "Wch FIDE Online U12 Girls Europe qual"]
[Site "Tornelo INT"]
[Date "2020.12.08"]
[Round "5"]
[White "Wartenberg, Alissa"]
[Black "Guid, Taja"]
[Result "0-1"]
[WhiteElo "1378"]
[BlackElo "1402"]
[PlyCount "28"]
[EventDate "2020.12.07"]
[EventType "swiss (rapid)"]
[EventRounds "7"]
[EventCountry "ISS"]
[SourceTitle "EXT 2022"]
[Source "ChessBase"]
[SourceDate "2021.10.06"]
[SourceVersion "1"]
[SourceVersionDate "2021.10.06"]
[SourceQuality "1"]

1. e4 c5 2. Nf3 e6 3. d4 cxd4 4. Nxd4 Nc6 5. Nb5 d6 6. c4 a6 7. N5c3 Nf6 8. Be3 Be7 9. f3 0-0 10. Qd2 Qc7 11. Na3 Bd7 12. Nc2 Ne5 13. Na3 Bc6 14. g4 Nxf3+ 0-1

[Event "EU-ch Online U12 Girls"]
[Site "Tornelo INT"]
[Date "2020.09.18"]
[Round "1"]
[White "Bouzana, Christina"]
[Black "Guid, Taja"]
[Result "0-1"]
[WhiteElo "1026"]
[BlackElo "1402"]
[PlyCount "40"]
[EventDate "2020.09.18"]
[EventType "swiss (rapid)"]
[EventRounds "9"]
[EventCountry "NET"]
[SourceTitle "EXT 2023"]
[Source "ChessBase"]
[SourceDate "2022.10.05"]
[SourceVersion "1"]
[SourceVersionDate "2022.10.05"]
[SourceQuality "1"]
[WhiteTeam "Zypern"]
[BlackTeam "Slovenia"]
[WhiteTeamCountry "CYP"]
[BlackTeamCountry "SLO"]

1. e4 c5 2. Bc4 e6 3. d3 a6 4. a3 Nc6 5. Be3 Nf6 6. Nc3 b5 7. Ba2 Bb7 8. h3 Be7 9. Nf3 0-0 10. 0-0 d5 11. exd5 exd5 12. Bg5 d4 13. Bxf6 Bxf6 14. Ne2 Ne5 15. Nxe5 Bxe5 16. Re1 Qg5 17. f3 Bxf3 18. g3 Bxg3 19. Rf1 Qe3+ 20. Rf2 Qxf2# 0-1

[Event "Maribor Pirc Memorial U16 23rd"]
[Site "Maribor"]
[Date "2020.08.15"]
[Round "8"]
[White "Guid, Taja"]
[Black "Kozlovic, Jernej"]
[Result "1/2-1/2"]
[WhiteElo "1705"]
[BlackElo "1477"]
[PlyCount "85"]
[EventDate "2020.08.12"]
[EventType "tourn"]
[EventRounds "9"]
[EventCountry "SLO"]
[SourceTitle "EXT 2021"]
[Source "ChessBase"]
[SourceDate "2020.10.23"]
[SourceVersion "1"]
[SourceVersionDate "2020.10.23"]
[SourceQuality "1"]

1. d4 Nf6 2. c4 e6 3. g3 Bb4+ 4. Bd2 Qe7 5. Bg2 Nc6 6. Nf3 Bxd2+ 7. Nbxd2 0-0 8. 0-0 d6 9. e4 e5 10. d5 Nb8 11. Re1 a5 12. a3 a4 13. b4 axb3 14. Nxb3 Na6 15. Qd3 Nd7 16. Nfd2 Nac5 17. Nxc5 Nxc5 18. Qe3 Ra4 19. Rec1 Bd7 20. Nb3 Nxb3 21. Qxb3 b6 22. Bf3 Rfa8 23. Bd1 R4a5 24. Qc3 Qe8 25. Rcb1 Qc8 26. Rb2 Qa6 27. Rba2 Rc5 28. Be2 Qb7 29. a4 Rca5 30. Bd1 R8a6 31. Bb3 Qa8 32. Qc2 Qe8 33. f3 g6 34. Kg2 Ra8 35. Kg1 f5 36. Kg2 Kh8 37. Kg1 Qf7 38. Rf1 Qe8 39. Rfa1 R8a7 40. Kg2 Qa8 41. Kg1 h5 42. Qd2 Kg7 43. Qc2 1/2-1/2

[Event "Maribor Pirc Memorial U16 23rd"]
[Site "Maribor"]
[Date "2020.08.13"]
[Round "3"]
[White "Guid, Taja"]
[Black "Drevensek, Gasper"]
[Result "1/2-1/2"]
[WhiteElo "1705"]
[BlackElo "1432"]
[PlyCount "114"]
[EventDate "2020.08.12"]
[EventType "tourn"]
[EventRounds "9"]
[EventCountry "SLO"]
[SourceTitle "EXT 2021"]
[Source "ChessBase"]
[SourceDate "2020.10.23"]
[SourceVersion "1"]
[SourceVersionDate "2020.10.23"]
[SourceQuality "1"]

1. d4 d6 2. Nf3 g6 3. c4 Bg7 4. g3 Nd7 5. Bg2 e5 6. 0-0 Ne7 7. e4 0-0 8. Nc3 a5 9. Be3 Nc6 10. b3 Re8 11. Rc1 Nf6 12. h3 Bd7 13. Re1 Qc8 14. Kh2 Nh5 15. a3 Kh8 16. d5 Ne7 17. c5 Qd8 18. Ng5 Rf8 19. b4 f5 20. exf5 Nxf5 21. Ne6 Bxe6 22. dxe6 Nxe3 23. fxe3 axb4 24. axb4 Qe7 25. Nd5 Qg5 26. g4 Rf2 27. Re2 Rxe2 28. Qxe2 e4 29. Nxc7 Qe5+ 30. Kg1 Rc8 31. cxd6 Qxd6 32. gxh5 Rxc7 33. Rxc7 Qxc7 34. hxg6 hxg6 35. Bxe4 Qg3+ 36. Bg2 Qe5 37. Bxb7 Qxe6 38. Bg2 Bh6 39. Qb2+ Kh7 40. e4 Bg7 41. Qd2 Qc4 42. Kh1 Qb3 43. Qe1 Qd3 44. e5 Qd7 45. e6 Qe7 46. b5 Bf6 47. b6 Qd6 48. b7 Be7 49. Qf1 Kh6 50. Qc1+ Bg5 51. Qe1 Kh7 52. Qb1 Qb8 53. Be4 Kh6 54. Bxg6 Qg3 55. Qc2 Qf3+ 56. Qg2 Qd1+ 57. Qg1 Qf3+ 1/2-1/2

[Event "Maribor Pirc Memorial U16 23rd"]
[Site "Maribor"]
[Date "2020.08.12"]
[Round "2"]
[White "Drevensek, Doroteja"]
[Black "Guid, Taja"]
[Result "0-1"]
[WhiteElo "1390"]
[BlackElo "1705"]
[PlyCount "108"]
[EventDate "2020.08.12"]
[EventType "tourn"]
[EventRounds "9"]
[EventCountry "SLO"]
[SourceTitle "EXT 2021"]
[Source "ChessBase"]
[SourceDate "2020.10.23"]
[SourceVersion "1"]
[SourceVersionDate "2020.10.23"]
[SourceQuality "1"]

1. e4 c5 2. c3 g6 3. d4 cxd4 4. cxd4 d5 5. exd5 Nf6 6. Nf3 Nxd5 7. Bc4 Nb6 8. Bb3 Bg7 9. 0-0 0-0 10. h3 Nc6 11. Be3 Na5 12. Bc2 Nac4 13. Bc1 Nd5 14. b3 Ncb6 15. Qd2 h6 16. Bb2 Be6 17. Na3 Rc8 18. Rac1 a6 19. Bb1 Nf6 20. Rxc8 Nxc8 21. Qb4 b5 22. Rc1 Nd5 23. Qd2 Qd6 24. Nc2 Qf4 25. Ne3 Nf6 26. d5 Nxd5 27. Bxg7 Kxg7 28. Nxd5 Qxd2 29. Nxd2 Bxd5 30. Rc7 e6 31. Be4 Nb6 32. Ra7 Ra8 33. Rxa8 Bxa8 34. Bc2 f5 35. f3 Kf6 36. Kf2 Nd5 37. a4 Nb4 38. Bd1 bxa4 39. bxa4 Bd5 40. Ke2 Ke5 41. Nb1 Kd4 42. Kd2 Na2 43. Be2 Bc4 44. Bd1 e5 45. Na3 Bf1 46. g4 Bxh3 47. Nc2+ Kc5 48. gxf5 Bxf5 49. Ne3 Nb4 50. Kc3 Nd5+ 51. Nxd5 Kxd5 52. Kb4 Bd3 53. Bb3+ Kd4 54. Bd1 h5 0-1